Представление документа в формате RUSMARC

ПолеНазваниеЗначение
  Тип записи a
  Библиографический уровень m
001 Контрольный номер admiBOOK00017148
005 Дата корректировки 20140508173825.0
010 Индекс ISBN __
a ISBN 5-94087-909-8
d Цена 60.00
100 Данные общей обработки __
a Данные общей обработки 19011227 |||y0 y0189 ca
101 Язык документа __
a Язык текста rus
105 Кодированные данные (монография) __
a Кодированные данные (монография) zy
200 Заглавие и сведения об ответственности 0_
a Заглавие Квалификационный справочник должностей руководителей, специалистов и других служащих
e Сведения, относящиеся к заглавию Справочник
210 Выходные данные __
a Место издания Новосибирск
c Издательство Сиб. унив. изд-во
d Дата издания 2007
215 Физическое описание __
a Объем 319с.
606 Тематические рубрики __
a Основная рубрика Экономика труда
x Основная подрубрика Трудовые ресурсы
x Основная подрубрика Трудовое право
610 Ключевые слова __
a Ключевые слова Справочник кадровика
a Ключевые слова Кадры
a Ключевые слова Общероссийский классификатор профессий рабочих, должностей служащих и тарифных разрядов
a Ключевые слова ОКДПР
a Ключевые слова Должности руководителей
a Ключевые слова Должности служащих
a Ключевые слова Квалификационные характеристики
a Ключевые слова Тарифные разряды
a Ключевые слова Руководители
a Ключевые слова Справочник должностей
675 Индекс УДК __
a Индекс УДК 331.021.811
686 Индексы других классификаций __
a Классификационный индекс 65.240
a Классификационный индекс 67.405
852 Данные о местонахождении __
c Местонахождение стеллажа 65.240
c Местонахождение стеллажа 67.405
j Шифр хранения 65.24
852 Данные о местонахождении __
b Сигла хранения ЧЗ_1
t Номер экземпляра 1
i Авторский знак К32
p Инвентарный номер 142584
901 Тип документа __
t Тип документа m
911 __
u 952a=Справочное издание
u 952p=1851
938 Служебная информация __
a Название организации Саранский филиал
b Имя БД OUTPUT.MRC_Саранск
c Название АИБС АИБС Библиотека